000 00522nam a2200181Ia 4500
999 _c14624
_d14624
003 OSt
005 20201020112520.0
008 190216s9999||||xx |||||||||||||| ||und||
020 _a9789381030080
040 _coclc
082 _a181.4
_bSIV/L
100 _aSivaramakrishnan, Murali
_95966
245 0 _aLearning To Think Like Myself /
_cMurali Sivaramakrishnan
260 _bGnosis ,
_c2010.
_aNew Delhi:
300 _a142p
650 _aEnglish
942 _cBK
_2ddc
_h181.4
_iSIV/L
_k181.4
_mSIV/L